Digital literacy among Postgraduate students at Asia E University /
Saved in:
| Main Author: | |
|---|---|
| Format: | Thesis Book |
| Language: | English |
| Subjects: | |
| Tags: |
Add Tag
No Tags, Be the first to tag this record!
|
| LEADER | 01125cam a2200301 i 4500 | ||
|---|---|---|---|
| 001 | u999880 | ||
| 003 | SIRSI | ||
| 005 | 201407251700 | ||
| 008 | 140725s2014 my a t 000 0 eng m | ||
| 040 | |a UMM |e rda | ||
| 090 | |a Z674 |b UM 2014 Rasa | ||
| 100 | 0 | |a Rashidah Alimat, |e author. | |
| 245 | 1 | 0 | |a Digital literacy among Postgraduate students at Asia E University / |c Rashidah Alimat. |
| 264 | 1 | |c 2014 | |
| 264 | 4 | |c 2014 | |
| 300 | |a 9 unnumbered leaves, 106 leaves : |b illustrations ; |c 30 cm | ||
| 336 | |a text |2 rdacontent | ||
| 337 | |a unmediated |2 rdamedia | ||
| 338 | |a volume |2 rdacarrier | ||
| 502 | |b M.L.I.S. |c Fakulti Sains Komputer dan Teknologi Maklumat, Universiti Malaya |d 2014. | ||
| 504 | |a Bibliography: leaves 88-99 | ||
| 650 | 0 | |a Computer literacy |z Malaysia. | |
| 650 | 0 | |a Information literacy |z Malaysia. | |
| 650 | 0 | |a Internet literacy |z Malaysia. | |
| 710 | 2 | |b M.L.I.S. |c Fakulti Sains Komputer dan Teknologi Maklumat, Universiti Malaya |d 2014. | |
| 900 | |a ATAH-ZA | ||
| 596 | |a 1 | ||
| 999 | |a Z674 UM 2014 RASA |w LC |c 1 |i A515879187 |d 10/2/2020 |e 10/2/2020 |f 18/5/2015 |g 1 |l STACKS |m P01UTAMA |n 5 |r Y |s Y |t TESIS |u 13/5/2015 | ||
